| 000 -CABECERA |
| Longitud fija campo de control |
00692nam a22001937a 4500 |
| 003 - IDENTIFICADOR DEL NÚMERO DE CONTROL |
| Identificador del número de control |
OSt |
| 005 - FECHA Y HORA DE LA ÚLTIMA TRANSACCIÓN |
| Fecha y hora de la última transacción |
20210921175705.0 |
| 008 - CÓDIGOS DE INFORMACIÓN DE LONGITUD FIJA |
| Códigos de información de longitud fija |
210921b ||||| |||| 00| 0 eng d |
| 020 ## - NÚMERO INTERNACIONAL NORMALIZADO PARA LIBROS |
| Número Internacional Normalizado para Libros (ISBN) |
9788409327102 |
| 040 ## - FUENTE DE LA CATALOGACIÓN |
| Centro catalogador de origen |
CDMR |
| Lengua de catalogación |
cat |
| Centro transcriptor |
c |
| 100 1# - PUNTO DE ACCESO PRINCIPAL-NOMBRE DE PERSONA |
| 9 (RLIN) |
417 |
| Nombre de persona |
Guillamet, Jaume |
| 245 ## - MENCIÓN DE TÍTULO |
| Título |
El setmanari L'Opinió i la fundació d'Esquerra Republicana de Catalunya (1928-1931) / |
| Mención de responsabilidad, etc. |
Jaume Guillamet Lloveras |
| 260 ## - PUBLICACIÓN, DISTRIBUCIÓN, ETC. (PIE DE IMPRENTA) |
| Lugar de publicación, distribución, etc. |
Barcelona |
| Nombre del editor, distribuidor, etc. |
Fundació Josep Irla |
| Fecha de publicación, distribución, etc. |
2021 |
| 300 ## - DESCRIPCIÓN FÍSICA |
| Extensión |
185 pàgines ; il·lustracions |
| 610 #0 - PUNTO DE ACCESO ADICIONAL DE MATERIA - NOMBRE DE ENTIDAD CORPORATIVA |
| 9 (RLIN) |
4663 |
| Nombre de entidad corporativa o nombre de jurisdicción como elemento inicial |
L'Opinió (Diari) |
| Subdivisió,n de materia general |
Història |
| 610 #0 - PUNTO DE ACCESO ADICIONAL DE MATERIA - NOMBRE DE ENTIDAD CORPORATIVA |
| 9 (RLIN) |
4664 |
| Nombre de entidad corporativa o nombre de jurisdicción como elemento inicial |
Esquerra Republicana de Catalunya |
| Subdivisió,n de materia general |
Història |
| 650 #0 - PUNTO DE ACCESO ADICIONAL DE MATERIA - TÉRMINO DE MATERIA |
| 9 (RLIN) |
4089 |
| Término de materia o nombre geográfico como elemento inicial |
Premsa i política |
| Subdivisión de materia general |
Història |
| Subdivisión cronológica |
S. XX |
| Subdivisión geográfica |
Catalunya |
| 942 ## - ENTRADA DE ELEMENTOS AGREGADOS (KOHA) |
| Fuente de clasificaión o esquema |
|
| Koha [por defecto] tipo de item |
Monografies |